[Event "CZE-tht Extraliga 2018-19"]
[Site "Czech Republic"]
[Date "2019.04.21"]
[Round "11.8"]
[White "Sosna, Jan"]
[Black "Priehoda, Vitezslav"]
[Result "*"]
[WhiteElo "2335"]
[BlackElo "2360"]
[Annotator "NA"]
[PlyCount "25"]
[EventDate "2018.11.03"]
[EventType "team-tourn"]
[EventCountry "CZE"]
[SourceTitle "playchess.com"]
[Source "ChessBase"]
[SourceQuality "1"]
[WhiteTeam "Poruba"]
[BlackTeam "Lysa nad Labem"]

1. h4 e5 2. h5 d5 3. c3 h6 4. d4 exd4 5. cxd4 Nf6 6. Nf3 Bd6 7. Ne5 Nbd7 8. Bf4 Qe7 9. Nxd7 Bxd7 10. Bxd6 Qxd6 11. e3 O-O 12. Nc3 Rfe8 13. Be2 *

[Event "CZE-tht Extraliga 2018-19"]
[Site "Czech Republic"]
[Date "2019.04.21"]
[Round "11.8"]
[White "Sosna, Jan"]
[Black "Slampa, Jan"]
[Result "1/2-1/2"]
[WhiteElo "2335"]
[BlackElo "2253"]
[Annotator "NA"]
[PlyCount "93"]
[EventDate "2018.11.03"]
[EventType "team-tourn"]
[EventCountry "CZE"]
[SourceTitle "playchess.com"]
[Source "ChessBase"]
[SourceQuality "1"]
[WhiteTeam "Poruba"]
[BlackTeam "Siesta B"]

1. d4 d5 2. Bf4 c5 3. e3 Nc6 4. c3 Bf5 5. Qb3 Qd7 6. Nf3 a6 7. Nbd2 e6 8. Nh4 Bg4 9. h3 Bh5 10. g4 Bg6 11. Nxg6 hxg6 12. Bg2 b5 13. O-O c4 14. Qc2 Nf6 15. e4 Rd8 16. e5 Ng8 17. Bg3 Be7 18. f4 Nh6 19. Rf3 O-O 20. Nf1 b4 21. Ne3 Rb8 22. f5 gxf5 23. gxf5 exf5 24. Nxf5 Nxf5 25. Rxf5 bxc3 26. bxc3 Rb6 27. Rh5 g6 28. e6 Qxe6 29. Rxd5 Rd8 30. Re1 Qf6 31. Rxd8+ Nxd8 32. Qe2 Bd6 33. Bxd6 Qxd6 34. Qxc4 Rb2 35. Re5 Rb1+ 36. Bf1 Nc6 37. Qd5 Qf6 38. Re8+ Kg7 39. Qg2 Ne7 40. Qf2 Qg5+ 41. Kh2 Nf5 42. Bd3 Rb2 43. Qxb2 Qg3+ 44. Kh1 Qxd3 45. Kg1 Qg3+ 46. Qg2 Qxc3 47. Qd5 1/2-1/2

[Event "CZE-tht Extraliga 2018-19"]
[Site "Czech Republic"]
[Date "2019.04.21"]
[Round "11.8"]
[White "Vyskocil, Neklan"]
[Black "Miturova, Magdalena"]
[Result "1-0"]
[WhiteElo "2286"]
[BlackElo "2230"]
[Annotator "NA"]
[PlyCount "73"]
[EventDate "2018.11.03"]
[EventType "team-tourn"]
[EventCountry "CZE"]
[SourceTitle "playchess.com"]
[Source "ChessBase"]
[SourceQuality "1"]
[WhiteTeam "Duras"]
[BlackTeam "Cesky Tesin"]

1. d4 Nf6 2. c4 e6 3. g3 d5 4. Bg2 Bb4+ 5. Bd2 Be7 6. Nf3 O-O 7. O-O c6 8. Qc2 b6 9. Rd1 Bb7 10. Ne5 Nfd7 11. Nxd7 Nxd7 12. e4 Rc8 13. Bf4 Nf6 14. e5 Nd7 15. cxd5 cxd5 16. Qb3 Ba6 17. Nc3 Bc4 18. Qc2 b5 19. Qd2 b4 20. Ne2 Qb6 21. b3 Bb5 22. Rac1 a5 23. Bf1 Ra8 24. Be3 a4 25. Nf4 axb3 26. axb3 Ra3 27. Qc2 Bd8 28. Bd3 Bxd3 29. Nxd3 Qb5 30. Rb1 Nb8 31. Rdc1 Bb6 32. Nb2 Ra7 33. Qd3 Qa5 34. Na4 Na6 35. Rc6 Bd8 36. Rbc1 Nc7 37. R1c5 1-0

[Event "CZE-tht Extraliga 2018-19"]
[Site "Czech Republic"]
[Date "2019.04.21"]
[Round "11.8"]
[White "Holemar, David"]
[Black "Novosadova, Kristyna"]
[Result "1/2-1/2"]
[WhiteElo "2258"]
[BlackElo "2225"]
[Annotator "NA"]
[PlyCount "55"]
[EventDate "2018.11.03"]
[EventType "team-tourn"]
[EventCountry "CZE"]
[SourceTitle "playchess.com"]
[Source "ChessBase"]
[SourceQuality "1"]
[WhiteTeam "Brno"]
[BlackTeam "Beskydska"]

1. d4 Nf6 2. Nc3 d5 3. Bg5 h6 4. Bh4 g5 5. Bg3 c5 6. e3 Qa5 7. Bxb8 Rxb8 8. Bb5+ Bd7 9. Bxd7+ Nxd7 10. h4 g4 11. Qxg4 Nf6 12. Qf4 Rc8 13. Nf3 cxd4 14. exd4 Rg8 15. O-O Rg4 16. Qe3 e6 17. Ne5 Rxh4 18. g3 Ng4 19. Qe2 Nxe5 20. gxh4 Nc4 21. Rab1 Bb4 22. Rfd1 Kd7 23. Qg4 Nd6 24. Ne2 Rxc2 25. a3 Bd2 26. Qf3 Qb5 27. a4 Qc4 28. b3 1/2-1/2

[Event "CZE-tht Extraliga 2018-19"]
[Site "Czech Republic"]
[Date "2019.04.21"]
[Round "11.8"]
[White "Kovar, Vojtech"]
[Black "Petr, Martin"]
[Result "1/2-1/2"]
[WhiteElo "2231"]
[BlackElo "2463"]
[Annotator "ChessBase"]
[PlyCount "134"]
[EventDate "2018.11.03"]
[EventType "team-tourn"]
[EventCountry "CZE"]
[SourceTitle "playchess.com"]
[Source "ChessBase"]
[SourceQuality "1"]
[WhiteTeam "Siesta"]
[BlackTeam "Pardubice"]

1. Nf3 c5 2. e4 Nc6 3. Nc3 g6 4. d4 cxd4 5. Nxd4 Bg7 6. Be3 Nf6 7. Be2 O-O 8. Nb3 d6 9. f4 a6 10. Bf3 Bd7 11. a4 Be6 12. O-O Rc8 13. Rf2 Qc7 14. Nd5 Bxd5 15. exd5 Na5 16. Nxa5 Qxa5 17. c3 Nd7 18. g4 Qc7 19. a5 e5 20. dxe6 fxe6 21. f5 gxf5 22. gxf5 Rxf5 23. Bg4 Rxf2 24. Bxf2 Re8 25. Qb3 d5 26. Re1 Ne5 27. Bh5 Rf8 28. Bg3 Rf5 29. Qa4 Qe7 30. Bxe5 Bxe5 31. Qe8+ Qxe8 32. Bxe8 d4 33. Bd7 Kf7 34. Bxe6+ Kxe6 35. cxd4 Kd6 36. Rxe5 Rxe5 37. dxe5+ Kxe5 38. Kg2 Ke4 39. Kg3 Kd3 40. Kg4 Kc2 41. Kh5 Kxb2 42. Kh6 Kc3 43. Kxh7 Kb4 44. h4 Kxa5 45. h5 b5 46. h6 b4 47. Kg8 b3 48. h7 b2 49. h8=Q b1=Q 50. Qe5+ Ka4 51. Qd4+ Qb4 52. Qa1+ Kb5 53. Qe5+ Kc6 54. Qf6+ Kb7 55. Qf3+ Kb8 56. Qg3+ Ka8 57. Qf3+ Qb7 58. Qf5 Qb8+ 59. Kf7 Qc7+ 60. Ke6 Kb7 61. Kd5 Qa5+ 62. Ke4 Qb4+ 63. Ke3 Kb6 64. Qe6+ Kb5 65. Kd3 Qb1+ 66. Kc3 Qc1+ 67. Kb3 Qb1+ 1/2-1/2

[Event "CZE-tht Extraliga 2018-19"]
[Site "Czech Republic"]
[Date "2019.04.21"]
[Round "11.8"]
[White "Krajina, Ales"]
[Black "Priehoda, Vitezslav"]
[Result "1/2-1/2"]
[WhiteElo "2126"]
[BlackElo "2360"]
[Annotator "NA"]
[PlyCount "52"]
[EventDate "2018.11.03"]
[EventType "team-tourn"]
[EventCountry "CZE"]
[SourceTitle "playchess.com"]
[Source "ChessBase"]
[SourceQuality "1"]
[WhiteTeam "Ostrava"]
[BlackTeam "Lysa nad Labem"]

1. h4 e5 2. h5 d5 3. c3 h6 4. d4 exd4 5. cxd4 Nf6 6. Nf3 Bd6 7. Ne5 Nbd7 8. Bf4 Qe7 9. Nxd7 Bxd7 10. Bxd6 Qxd6 11. e3 O-O 12. Nc3 Rfe8 13. Be2 c5 14. dxc5 Qxc5 15. O-O Re5 16. Qd4 Qe7 17. Rad1 Bc6 18. Qh4 Re8 19. Rd4 Qc5 20. Rfd1 Qb6 21. Rb4 Qc7 22. Rbd4 Qb6 23. Rb4 Qa5 24. a3 Ne4 25. Nxe4 Rxe4 26. Rxe4 dxe4 1/2-1/2